Sports Quiz

Random Sports or Football Quiz

Top EPL Goal Scorers 2010-2011 Quiz Stats

 Plays Quiz not verified by Sporcle

Challenge
Share
Tweet
Embed
Score 0/26 Timer 05:00
0 Plays Today
Goals Name % Correct
18Carlos Tévez
95.8%
19Dimatar Berbatov
95.4%
11Andy Carroll
93.6%
10Robin Van Persie
91.9%
10Darren Bent
91.2%
9Didier Drogba
91.2%
9Fernando Torres
86.9%
7Charlie Adam
77%
9Nani
74.6%
10Rafael Van der Vaart
73.5%
9Tim Cahill
73.1%
9Javier Hernández
70.7%
9Florent Malouda
70%
Goals Name % Correct
9Samir Nasri
68.9%
7Kevin Davies
68.6%
7Gareth Bale
67.1%
9Clint Dempsey
66.8%
11Kevin Nolan
66.1%
9DJ Campbell
65.4%
7Theo Walcott
62.2%
9Asamoah Gyan
59.4%
9Johan Elmander
57.2%
7Salomon Kalou
57.2%
9Peter Odemwingie
56.2%
7Hugo Rodallega
51.9%
7Marouane Chamakh
47%

You're not logged in!

Compare scores with friends on all Sporcle quizzes.
Join for Free
OR
Log In

You Might Also Like...

Show Comments

Extras

Top Quizzes Today


Score Distribution

Your Account Isn't Verified!

In order to create a playlist on Sporcle, you need to verify the email address you used during registration. Go to your Sporcle Settings to finish the process.

Report this User

Report this user for behavior that violates our Community Guidelines.

Details: